Easy Sudoku #2 - Statistics

General Stats
  • This quiz has been taken 698 times
  • The average score is 43 of 50
Answer Stats
Hint Answer % Correct
1-1 1
96%
3-1 1
94%
1-2 2
93%
2-7 7
93%
8-1 1
92%
8-5 5
92%
2-8 8
92%
9-2 2
91%
7-5 5
91%
9-8 8
91%
2-9 9
90%
7-4 4
89%
3-6 6
89%
9-6 6
89%
6-8 8
89%
7-8 8
89%
8-8 8
89%
9-9 9
89%
7-2 2
88%
8-2 2
88%
2-3 3
88%
9-4 4
88%
3-7 7
88%
8-7 7
88%
9-7 7
88%
5-4 4
87%
1-5 5
87%
2-5 5
87%
4-9 9
87%
3-2 2
86%
1-6 6
86%
4-7 7
86%
5-2 2
84%
6-2 2
84%
5-9 9
84%
5-1 1
83%
1-3 3
83%
4-1 1
82%
4-3 3
82%
5-3 3
82%
1-4 4
82%
4-6 6
82%
5-7 7
82%
6-1 1
81%
4-4 4
81%
6-6 6
81%
6-7 7
81%
5-5 5
80%
6-5 5
80%
5-6 6
80%
No matching quizzes found
Score Distribution
Percent of People with Each Score
Percentile by Number Answered
Your Score History
You have not taken this quiz